000 00672nam a2200205 i 4500
001 57282
003 ES-MaACL
005 20250812082607.0
007 t|
008 031015s1920 sp a |||| | spa d
100 1 _aDomenech, Rafael.
_945083
245 1 0 _aTratado de técnica ornamental /
_cpor Rafael Doménech, Gregorio Muñoz Dueñas y Francisco Pérez Dolz.
260 _aMadrid :
_b[s.n.,
_c1920] (
_fAngel Alcoy)
300 _a134 p. :
_bil. ;
_c25 cm.
650 7 _aArtes decorativas
_2embne
_9135625
700 1 _aMuñoz Dueñas, Gregorio.
_984404
700 1 _aPérez-Dolz, Francisco.
_990836
852 _aES-MaACL
_jF-773
999 _c57282
_d57282